000 00853nam a2200253 a 4500
001 vtls001216523
003 NLI
005 20210603170521.0
008 120525s1906 ii a s000 0 eng
039 9 _a201205252211
_bVLOAD
_y201203282046
_zVLOAD
040 0 _aNLI
_beng
_cDatasoft_IOD
_eAACR2
041 0 _aeng
044 _aii
082 0 4 _a352.5
110 1 _aBurma (India, British).
_bPublic Works Department
_9638111
245 1 0 _aSchedule of rates in the Kyaukse irrigation division in the irrigation circle of supprintendence for the year
_f1906-07 /
_cPublic Works Department, Government of Burma
260 _aRangoon :
_bThe Department,
_c1906
300 _a5 p. :
_bill. ;
_c30 cm.
650 0 _aPublic works
_zIndia
_9332505
887 _a
901 _a24992 date
_b17.3.1910
902 _aGP 352.5(591) B927kid
942 _2ddc
_cBKS
999 _c520522
_d520522